00795cam a2200229 450000100060000000300080000600500170001400800410003102000150007203500190008704000320010604100130013808200220015110000290017324500820020226000510028430000330033550000420036850400410041065000360045171000780048728133BD-RjUL20211209051237.0700512s1969 ilub b 001 0 eng d a0226142175 a(BD-RjUL)28214 aDLCcDLCdDLCdBD-RjULbeng1 aenghita00a963.065bBOE 19691 aDel Boca, Angelo,d1925-14aThe Ethiopian War, 1935-1941 /cTranslated from the Italian by P. D. Cummins. aChicago :bUniversity of Chicago Press,c1969. aix, 289 p. :bill. ;c23 cm. aTranslation of La guerra d'Abissinia. aBibliographical footnotes. and Index 0aItalo-Ethiopian War, 1935-1936.2 aThomas Leiper Kane Collection (Library of Congress. Hebraic Section)5DLC